000 00621cam5a220020500 4500
001 tmp15736546
003 UPRA
005 20190813181759.0
008 951016s1979 sz eng u
035 _a(Sirsi) r68774
035 _a(UPRA)tmp15736546
040 _cUPRA
110 2 _aWorld Health Organization.
_6A1382.1
245 1 0 _aWorld directory of medical schools.
250 _a5th ed.
260 _aGeneva :
_bWorld Health Organization,
_c1979.
650 0 _aMedical colleges -- Directories.
_xMedical colleges -- Directories.
_6S19484.1
949 _aR735
_wLC
_i-92397
_mMEDICAL
_tBOOK
_lON-SHELF
004 68774
999 _c45494
_d45494